Historia de san martín y de la emancipación sudamericana /

Guardado en:
Autor Principal: Mitre, Bartolomé
Formato: Libro
Publicado: La Nación, 1907
Materias:
Etiquetas: Agregar Etiqueta
Sin Etiquetas, Sea el primero en etiquetar este registro!
LEADER 00447nam a22001575a 4500
001 CEM.cems004462
005 20060216000000.0
008 130507s1907##################000#0#####d
003 CEMS
082 0 4 |a 982.03 
100 1 |a Mitre, Bartolomé 
245 1 0 |a Historia de san martín y de la emancipación sudamericana / 
260 |a La Nación,  |c 1907 
300 |a 348 p. 
653 |a Historia 
859 |a CEMS  |b BIB. CEMS - 11 de abril  |h 982.03  |i M698/IV  |p 9392.81  |t Ej.1